|
|
|
|
| LEADER |
01168naa a2200217 i 4500 |
| 001 |
acta87853 |
| 005 |
20250605092432.0 |
| 008 |
250605s2025 hu o 100 hun d |
| 020 |
|
|
|a 978-963-688-043-9
|
| 040 |
|
|
|a SZTE Egyetemi Kiadványok Repozitórium
|b hun
|
| 041 |
|
|
|a hun
|
| 100 |
1 |
|
|a Fodor András
|
| 245 |
1 |
2 |
|a A Rákóczi-szabadságharc svéd vonatkozásai és XII. Károly svéd király átvonulása Magyarországon
|h [elektronikus dokumentum] :
|b [absztrakt] /
|c Fodor András
|
| 260 |
|
|
|a Szegedi Tudományegyetem Bölcsészet- és Társadalomtudományi Kar
|b Szeged
|c 2025
|
| 300 |
|
|
|a 521
|
| 490 |
0 |
|
|a Országos Tudományos Diákköri Konferencia : Humán Tudományi Szekció
|
| 650 |
|
4 |
|a Bölcsészettudományok
|
| 650 |
|
4 |
|a Történettudomány és régészet
|
| 695 |
|
|
|a Rákóczi-szabadságharc - Magyarország - 18. sz. eleje - előadáskivonat, Hadtörténet - Magyarország - 18. sz. eleje - előadáskivonat, Svédország története - Magyarország - 18. sz. eleje - előadáskivonat
|
| 710 |
|
|
|a Országos Tudományos Diákköri Konferencia (37.)
|c Szeged
|
| 856 |
4 |
0 |
|u http://acta.bibl.u-szeged.hu/87853/1/otdk_2025_human_521.pdf
|z Dokumentum-elérés
|